| 000 | 01180 a2200337 4500 | ||
|---|---|---|---|
| 999 |
_c200043649 _d34641 |
||
| 001 | 200043649 | ||
| 003 | TR-AnTOB | ||
| 005 | 20240209171155.0 | ||
| 008 | 111201s tu 000 0 | ||
| 020 | _a9536979322 | ||
| 020 | _a9789536979323 | ||
| 040 |
_aTR-AnTOB _cTR-AnTOB _beng _erda |
||
| 041 | _aund | ||
| 050 | 4 |
_aDR1717.M855 _bP35 2007 |
|
| 090 | _aDR1717.M855 P35 2007 | ||
| 100 | 1 |
_aPaić-Vukić, Tatjana, _d1963- _978957 |
|
| 245 | 1 | 0 |
_aSvijet Mustafe Muhibbija, sarajevskoga kadije / _cTatjana Paić-Vukić. |
| 264 | 1 |
_aZagreb : _bSrednja Europa, _c2007. |
|
| 300 |
_a267 p. : _bill. ; _c25 cm. |
||
| 336 |
_2rdacontent _atext _btxt |
||
| 337 |
_2rdamedia _aunmediated _bn |
||
| 338 |
_2rdacarrier _avolume _bnc |
||
| 600 | 1 | 0 |
_aMuhibbi, Mustafa, _d-1854 _978958 |
| 650 | 0 |
_aMuslims _zBosnia and Herzegovina _vBiography _978965 |
|
| 650 | 0 |
_aMuslims _zBosnia and Herzegovina _xHistory _y19th century _978964 |
|
| 651 | 0 |
_aBosnia and Herzegovina _xSocial life and customs _y19th century _978968 |
|
| 651 | 0 |
_aBosnia and Herzegovina _xIntellectual life _y19th century _978967 |
|
| 651 | 0 |
_aBosnia and Herzegovina _xHistory _y19th century _978966 |
|
| 942 |
_cBK _2lcc |
||